Osobitný odvod z podnikania v regulovaných odvetviach

Dňom 1. septembrom 2012 nadobudol účinnosť zákon č. 235/2012 Z. z. o osobitnom odvode z podnikania v regulovaných odvetviach a o zmene a doplnení niektorých zákonov , ktorý bol prijatý ako jedno z opatrení na spravodlivejšie a ekonomicky efektívnejšie rozdelenie bremena vplyvov globálnej finančnej a...

ver descrição completa

Na minha lista:
Detalhes bibliográficos
Autor principal: Puškárová, Eva
Formato: Capítulo de Livro
Idioma:eslovaco
Assuntos:
Tags: Adicionar Tag
Sem tags, seja o primeiro a adicionar uma tag!

MARC

LEADER 00000naa a2200000 4500
001 0174499
005 20231208085922.9
041 0 |a slo 
044 |a SK 
245 1 0 |a Osobitný odvod z podnikania v regulovaných odvetviach  |c Eva Puškárová 
520 |a Dňom 1. septembrom 2012 nadobudol účinnosť zákon č. 235/2012 Z. z. o osobitnom odvode z podnikania v regulovaných odvetviach a o zmene a doplnení niektorých zákonov , ktorý bol prijatý ako jedno z opatrení na spravodlivejšie a ekonomicky efektívnejšie rozdelenie bremena vplyvov globálnej finančnej a hospodárskej krízy zabezpečujúce, aby celá ťarcha konsolidácie nespočívala iba na pleciach občanov, ale aby sa na nej podieľali aj spoločnosti pôsobiace v regulovaných odvetviach. 
610 2 0 |a podnikanie 
610 2 0 |a odvetvia sieťové 
610 2 0 |a regulácia 
610 2 0 |a odvody 
100 1 |a Puškárová, Eva